000 01648cam a22003614i 4500
003 PE-LiUPU
005 20250731183425.0
008 150706s r 000 0 d
020 _a9789875841918
035 _a(Sirsi) i9789875841918
040 _aPE-LiUPU
_bspa
_cPE-LiUPU
_erda
049 _aPRUA
082 0 4 _a720.1
_bD42
_221
100 1 _aDe Prada, Manuel,
_eautor.
245 1 0 _aArte y composición :
_bel problema de la forma en el arte y la arquitectura /
_cManuel de Prada.
264 1 _aBuenos Aires :
_bNobuko,
_c2008.
300 _a218 páginas :
_bilustraciones ;
_c21 cm.
336 _atext
_2rdacontent
337 _aunmediated
_2rdamedia
338 _avolume
_2rdacarrier
504 _aIncluye referencias bibliográficas por capítulos.
505 0 _aEL PROBLEMA DE LA FORMA (PRIMERA PARTE): Composición y estructura formal -- Teorías modernas sobre la forma. LA VIDA DE LAS FORMAS Y EL PROBLEMA DE LA ABSTRACCIÓN (SEGUNDA PARTE): La vida de las formas -- El sentido de la abstracción -- El arte primitivo y la moderna abstracción. EL SENTIDO DE LA ORIGINALIDAD (TErcERA PARTE): El sentido de la imitación -- Mímesis: el origen de la inteligencia creadora -- Analogía y originalidad.
526 _aP158
526 _aP146
526 _aP17
526 _aP12
526 _aP06
650 1 4 _aArquitectura.
_94555
942 _2ddc
_cBOOK
949 _a720.1 D42
_wDEWEY
_c1
_i61602
_lCCODEBUL1
_mBUL
_p29.00
_r0
_sY
_tBOOK
_u2015-7-6
_xINGENIERIA
_o.STAFF. Colección General
999 _c50793
_d50793
980 _81
_gALBERTO SANCHEZ Responsable de Automatización